000 00542nam a2200169Ia 4500
008 220216s9999 xx 000 0 und d
100 _aNaskar N
245 0 _aNovel method for preparation of carboxylated nitrile rubber-natural rubber blends using bis(diisopropyl) thiophosphoryl polysulfides
260 _bJournal of Applied Polymer Science
_c2001
300 _a1725-36
500 _aSource Year: 2001
650 _aCarboxylated nitrile rubber
700 _aBasu D K
700 _aDebnath S C
856 _uRAPRA. 38(8)
942 _cJS
999 _c64099
_d64099